|
|
|
|
| LEADER |
00000cam a22000004a 4500 |
| 001 |
musev2_76217 |
| 003 |
MdBmJHUP |
| 005 |
20230905051853.0 |
| 006 |
m o d |
| 007 |
cr||||||||nn|n |
| 008 |
140322s1995 nyu o 00 0 eng d |
| 020 |
|
|
|a 9780814788806
|
| 020 |
|
|
|z 9780814780008
|
| 035 |
|
|
|a (OCoLC)906948928
|
| 040 |
|
|
|a MdBmJHUP
|c MdBmJHUP
|
| 245 |
0 |
4 |
|a The Americanization of the Jews /
|c edited by Robert M. Seltzer and Norman J. Cohen
|
| 264 |
|
1 |
|a New York :
|b New York University Press,
|c 1995
|
| 264 |
|
3 |
|a Baltimore, Md. :
|b Project MUSE,
|c 2021
|
| 264 |
|
4 |
|c ©1995
|
| 300 |
|
|
|a 1 online resource.
|
| 336 |
|
|
|a text
|b txt
|2 rdacontent
|
| 337 |
|
|
|a computer
|b c
|2 rdamedia
|
| 338 |
|
|
|a online resource
|b cr
|2 rdacarrier
|
| 490 |
0 |
|
|a Reappraisals in Jewish social and intellectual history
|
| 506 |
0 |
|
|a Open Access
|f Unrestricted online access
|2 star
|
| 588 |
|
|
|a Description based on print version record.
|
| 650 |
|
7 |
|a Juden.
|0 (DE-588)4028808-0
|2 gnd
|
| 651 |
|
7 |
|a USA.
|0 (DE-588)4078704-7
|2 gnd
|
| 655 |
|
7 |
|a Electronic books.
|2 local
|
| 700 |
1 |
|
|a Cohen, Norman J.
|
| 700 |
1 |
|
|a Seltzer, Robert M.
|
| 710 |
2 |
|
|a Project Muse.
|e distributor
|
| 830 |
|
0 |
|a Book collections on Project MUSE.
|
| 856 |
4 |
0 |
|z Texto completo
|u https://projectmuse.uam.elogim.com/book/76217/
|
| 945 |
|
|
|a Project MUSE - Archive Complete Supplement IX
|
| 945 |
|
|
|a Project MUSE - Archive Archaeology and Anthropology Supplement IX
|
| 945 |
|
|
|a Project MUSE - Archive Jewish Studies Supplement VIII
|